00377nam a2200121Ia 4500008004100000020002200041041000800063082002400071100003400095245006700129260005100196300000800247230314s9999 xx 000 0 und d a978-93-88108-82-9 aeng aM/616.01/DHI/DB0824 aDhir Anju & Malathi Murugesan aTextbook of Microbiology for BSc & Post Basic Nursing Students bCBS Publishers & DistributorsaNew Delhic2019 a511